000 00501nam a2200181Ia 4500
001 17937
005 20260306171553.0
008 260306s9999||||xx |||||||||||||| ||und||
041 _aESP
082 _a658.3
_bG22
100 _aGarcía Arigüel, Marián
_eAUT
245 0 _aEscuela de desarrollo de hábitos:
_bvencer las rutinas para conseguir hábitos directivos saludables
260 _c2008
300 _axv, 215 páginas :
_c
650 _aGEN
654 _aCAN
942 _cLIB
_dJUS
_fJUS
_2ddc
_n
999 _c17937
_d17937